Papa La-bas /

Saved in:
Bibliographic Details
Main Author: Carr, John Dickson, 1906-1977
Format: Book
Language:English
Published: London : Hamilton, 1969.
LEADER 00722nam a2200205 a 4500
001 c000091625
003 CARM
005 00000000000000.0
008 930903s1969 enk 00011 eng d
019 1 |a 10349943  |5 LACONCORD2021 
035 |a (OCoLC)22599834  |5 LACONCORD2021 
040 |a VLINC  |c VLINC 
100 1 |a Carr, John Dickson,  |d 1906-1977. 
245 1 0 |a Papa La-bas /  |c John Dickson Carr. 
260 |a London :  |b Hamilton,  |c 1969. 
300 |a 277 p. ;  |c 20 cm. 
852 8 |b CARM  |h A2:AG14G0  |i A01492  |p 0113571  |f BK 
082 0 4 |a 813.54  |2 20 
999 f f |i 37858611-75eb-5d53-bace-1b35a11109bb  |s ffc82ec1-7986-5ee6-98c7-f40997ace500 
952 f f |p Can circulate  |a CAVAL  |b CAVAL  |c CAVAL  |d CARM 1 Store  |e A01492  |f A2:AG14G0  |h Other scheme  |i book  |m 0113571